LEADER 00543naa a2200145 i 4500 001 000000298686 003 CaOOAMICUS 005 20180831172629.0 008 180831n xx u000 u und u 013 $a6296 040 $aSeMil$bita 100 1 $aBea, Franz Xaver.$0(OLS)http://semarc/name/34081 245 10$aCommunio-Management. 773 0 $tCommunio-Ideal oder Zerrbild von Kommunikation?.$dFreiburg ; Basel ; Wien : Herder, 1999.$kQuaestiones disputatae $z3-451-02176-5$w()68328 996 $6245$aCommunio-Management$9(OLS)http://semarc/title/374702 LEADER 00497nab a2200145 i 4500 001 000000315304 003 CaOOAMICUS 005 20180831173148.0 008 180831n xx uu u0 0und r 013 $a24392 040 $aSeMil$bita 100 1 $aZarrella, Pietro.$0(OLS)http://semarc/name/22122 245 10$aRassegna bibliografica sulla Risurrezione di Gesł. 773 0 $t[Gennaio-Dicembre].$g89-114$w()274278 996 $6245$aRassegna bibliografica sulla Risurrezione di Gesł$9(OLS)http://semarc/title/389359